Exploring the potential of Zakat in Bangladesh / (Record no. 84310)
[ view plain ]
| 000 -LEADER | |
|---|---|
| fixed length control field | 00682nam a2200217 a 4500 |
| 001 - CONTROL NUMBER | |
| control field | 84310 |
| 003 - CONTROL NUMBER IDENTIFIER | |
| rucl marc code | BD-RjUL |
| 005 - DATE AND TIME OF LATEST TRANSACTION | |
| control field | 20241117143620.0 |
| 008 - FIXED-LENGTH DATA ELEMENTS--GENERAL INFORMATION | |
| fixed length control field | 241117s2023 bg ||||| |||| 00| 0 eng d |
| 035 ## - SYSTEM CONTROL NUMBER | |
| System control number | (BD-RjUL)84310 |
| 040 ## - CATALOGING SOURCE | |
| Original cataloging agency | BD-RjUL |
| Language of cataloging | eng |
| Transcribing agency | BD-RjUL |
| 041 ## - LANGUAGE CODE | |
| Language code of text/sound track or separate title | eng |
| 082 ## - DEWEY DECIMAL CLASSIFICATION NUMBER | |
| Edition number | 23 |
| Classification number | 297.54095492 |
| Author mark and year | HAE 2023 |
| 100 ## - MAIN ENTRY--PERSONAL NAME | |
| Personal name | Hassan, M. Kabir |
| 9 (RLIN) | 14279 |
| 245 ## - TITLE STATEMENT | |
| Title | Exploring the potential of Zakat in Bangladesh / |
| Statement of responsibility, etc. | M. Kabir Hassan, M. Zakir Hussain Khan |
| 260 ## - PUBLICATION, DISTRIBUTION, ETC. (IMPRINT) | |
| Place of publication, distribution, etc. | Dhaka : |
| Name of publisher, distributor, etc. | Center for Zakat management, |
| Date of publication, distribution, etc. | 2023 |
| 300 ## - PHYSICAL DESCRIPTION | |
| Pagination | 107 pages : |
| Illustrations | illustrations ; |
| Size | 24 cm. |
| 650 ## - SUBJECT ADDED ENTRY--TOPICAL TERM | |
| Topical term or geographic name as entry element | Zakat |
| Geographic subdivision | Bangladesh |
| 9 (RLIN) | 14280 |
| 700 ## - ADDED ENTRY--PERSONAL NAME | |
| Personal name | Khan, MZakir Hussain |
| 942 ## - ADDED ENTRY ELEMENTS (KOHA) | |
| Source of classification or shelving scheme | Dewey Decimal Classification |
| Koha item type | Books |
| Lost status | Source of classification or shelving scheme | Damaged status | Not for loan | Collection code | Permanent Location | Current Location | Shelving location | Date acquired | Source of acquisition | Total Checkouts | Full call number | Date last seen | Copy number | Koha item type |
|---|---|---|---|---|---|---|---|---|---|---|---|---|---|---|
| Dewey Decimal Classification | Not For Loan | Non-fiction | Central Library, University of Rajshahi | Central Library, University of Rajshahi | Reading Room | 05/11/2024 | Author | 297.54095492 HAE 2023 | 17/11/2024 | C-1 | Books | |||
| Dewey Decimal Classification | Non-fiction | Central Library, University of Rajshahi | Central Library, University of Rajshahi | General Stacks | 05/11/2024 | Author | 297.54095492 HAE 2023 | 17/11/2024 | C-2 | Books |